Država koje počinju slovom K - Statistics

General Stats
  • This quiz has been taken 710 times
  • The average score is 3 of 9
Answer Stats
Zemlje % Correct
Kanada
69%
Kenija
51%
Kostarika
42%
Kuba
40%
Kamerun
36%
Kambodža
33%
Kosovo
30%
Kiribati
25%
Komori
16%
No matching quizzes found
Score Distribution
Percent of People with Each Score
Percentile by Number Answered
Your Score History
You have not taken this quiz